Loading...
| History - American | 0 | 8 | 2 | 1 | 70 | 78 | 99.63 | 4 | 8 | 0.00 | 0.00 |
| Mythology | 0 | 5 | 0 | 1 | 50 | 85 | 112.60 | 4 | 5 | 0.00 | 0.00 |
| History - European | 0 | 4 | 0 | 0 | 40 | 58 | 81.75 | 2 | 4 | 0.00 | 0.00 |
| History - World | 0 | 5 | 3 | 2 | 35 | 82 | 109.80 | 1 | 5 | 0.00 | 0.00 |
| Fine Arts - Painting and Sculpture | 0 | 3 | 0 | 0 | 30 | 98 | 131.67 | 2 | 3 | 0.00 | 0.00 |
| History - Other | 0 | 4 | 2 | 0 | 30 | 80 | 88.50 | 2 | 4 | 0.00 | 0.00 |
| Science - Other | 0 | 2 | 1 | 0 | 15 | 103 | 115.00 | 1 | 2 | 0.00 | 0.00 |
| Fine Arts - Classical Music | 0 | 1 | 0 | 0 | 10 | 137 | 137.00 | 1 | 1 | 0.00 | 0.00 |
| Literature - European | 0 | 1 | 0 | 0 | 10 | 128 | 128.00 | 0 | 1 | 0.00 | 0.00 |
| Other Academic | 0 | 1 | 0 | 0 | 10 | 103 | 103.00 | 1 | 1 | 0.00 | 0.00 |
| Current Events | 0 | 1 | 0 | 0 | 10 | 52 | 52.00 | 1 | 1 | 0.00 | 0.00 |
| Religion | 0 | 1 | 1 | 0 | 5 | 138 | 138.00 | 0 | 1 | 0.00 | 0.00 |
| Fine Arts - Other | 0 | 0 | 1 | 0 | -5 | 0.00 | 0 | 0 | 0.00 | 0.00 | |
| Geography | 0 | 0 | 1 | 0 | -5 | 0.00 | 0 | 0 | 0.00 | 0.00 |